The black swan / (Record no. 532404)
[ view plain ]
| 000 -LEADER | |
|---|---|
| fixed length control field | 00819nam a22002777a 4500 |
| 001 - CONTROL NUMBER | |
| control field | 12881204 |
| 003 - CONTROL NUMBER IDENTIFIER | |
| control field | NUST |
| 005 - DATE AND TIME OF LATEST TRANSACTION | |
| control field | 20191120100923.0 |
| 008 - FIXED-LENGTH DATA ELEMENTS--GENERAL INFORMATION | |
| fixed length control field | 011213s1999 th a 000 1 eng |
| 010 ## - LIBRARY OF CONGRESS CONTROL NUMBER | |
| LC control number | 2001412285 |
| 020 ## - INTERNATIONAL STANDARD BOOK NUMBER | |
| International Standard Book Number | 9781846140853 |
| 035 ## - SYSTEM CONTROL NUMBER | |
| System control number | (DLC) 2001412285 |
| 037 ## - SOURCE OF ACQUISITION | |
| Source of stock number/acquisition | Library of Congress -- Jakarta Overseas Office |
| Terms of availability | BHT210.00 |
| 038 ## - RECORD CONTENT LICENSOR | |
| Staff Name | MSOHAIL |
| 040 ## - CATALOGING SOURCE | |
| Original cataloging agency | DLC |
| Transcribing agency | DLC |
| 042 ## - AUTHENTICATION CODE | |
| Authentication code | lcode |
| 050 00 - LIBRARY OF CONGRESS CALL NUMBER | |
| Classification number | MLCS 2002/00115 (P) |
| 082 ## - DEWEY DECIMAL CLASSIFICATION NUMBER | |
| Classification number | 823 |
| Author Mark | NIC |
| 100 1# - MAIN ENTRY--PERSONAL NAME | |
| Personal name | Nicholas, Nassim |
| 9 (RLIN) | 7297 |
| 245 14 - TITLE STATEMENT | |
| Title | The black swan / |
| Statement of responsibility, etc. | Nassim Nicholas |
| 260 ## - PUBLICATION, DISTRIBUTION, ETC. | |
| Place of publication, distribution, etc. | Klong Toey, Bangkok, Thailand : |
| Name of publisher, distributor, etc. | Post Books, |
| Date of publication, distribution, etc. | 1999. |
| 300 ## - PHYSICAL DESCRIPTION | |
| Extent | 366 p. : |
| Other physical details | ill. ; |
| Dimensions | 18 cm. |
| 906 ## - LOCAL DATA ELEMENT F, LDF (RLIN) | |
| a | 7 |
| b | cbc |
| c | origode |
| d | 4 |
| e | ncip |
| f | 20 |
| g | y-gencatlg |
| 942 ## - ADDED ENTRY ELEMENTS (KOHA) | |
| Source of classification or shelving scheme | |
| Koha item type | Book |
| Withdrawn status | Lost status | Source of classification or shelving scheme | Damaged status | Not for loan | Permanent Location | Current Location | Date acquired | Full call number | Barcode | Date last seen | Price effective from | Koha item type |
|---|---|---|---|---|---|---|---|---|---|---|---|---|
| Write Off | School of Civil and Environmental Engineering (SCEE) | School of Civil and Environmental Engineering (SCEE) | 11/20/2019 | 823 NIC | NIT-12325 | 11/20/2019 | 11/20/2019 | Book |
